[Event "DOM-ch"]
[Site "Santo Domingo"]
[Date "2021.05.15"]
[Round "6"]
[White "Sosa, Jonathan"]
[Black "Crispin Ferreras, Darvi Abraham"]
[Result "0-1"]
[WhiteElo "2005"]
[BlackElo "2142"]
[PlyCount "60"]
[EventDate "2021.05.07"]
[EventType "swiss"]
[EventRounds "11"]
[EventCountry "DOM"]
[SourceTitle "CBM 203 Extra"]
[Source "ChessBase"]
[SourceDate "2021.09.30"]
[SourceVersion "1"]
[SourceVersionDate "2021.09.30"]
[SourceQuality "1"]

1. Nf3 Nf6 2. c4 e6 3. g3 b6 4. Bg2 Bb7 5. 0-0 c5 6. Nc3 Be7 7. d4 cxd4 8. Qxd4 Nc6 9. Qd3 0-0 10. a3 Na5 11. b4 Nb3 12. Ra2 Nxc1 13. Rxc1 d5 14. cxd5 Nxd5 15. Rd2 Rc8 16. Na2 Rxc1+ 17. Nxc1 Qa8 18. Nb3 Rd8 19. Nbd4 Nf6 20. Qe3 Bd5 21. Bh3 Ne4 22. Rc2 Rc8 23. Qd3 Nf6 24. Nd2 Rxc2 25. Qxc2 a5 26. bxa5 Qxa5 27. e4 Nxe4 28. Qc8+ Bf8 29. Nf1 Qc5 30. Qxc5 Bxc5 0-1